Библейски легенди (Запис номер 161571)
[ съкратено ]
| 000 -Лидер | |
|---|---|
| Контролно поле с фиксирана дължина | 01737nam a2200457 c 4500 |
| 003 - Код на организацията, давaща контролен номер | |
| Контролно поле | BLK |
| 005 - Дата и час на последна редакция | |
| Контролно поле | 20240921004003.0 |
| 008 - Елементи от данни с фиксирана дължина | |
| fixed length control field | 180410b bul|||||r ||||||| ||bul|| |
| 010 ## - Наследен системен номер | |
| LC control number | KNG00168895000 |
| 020 ## - Международен стандартен номер на книга ISBN | |
| Международен стандартен номер на книга ISBN | 978-954-660-184-1 |
| 040 ## - Източник на каталожния запис | |
| Идентификатор на билиотеката - собственик на записа | BLK |
| 041 ## - Код за език | |
| Код за езика на текст/звукозапис или на отделно заглавие | Български |
| Код за езика КДБФ | Български |
| 072 #7 - Код за тематичната категория | |
| Код организация | bullib |
| Код за тематична категория | Н86 |
| Текст | Детска отраслова литература Н |
| 080 ## - УДК | |
| Текстов определител УДК | Религиозна литература. Учебници по вероучение (религия) |
| УДК код - определител по УДК | 244 |
| УДК определител | (0:82-97)(02.053.2) |
| УДК - код + определител | 244(0:82-97)(02.053.2) |
| 080 ## - УДК | |
| Текстов определител УДК | Литература на отделни езици и езикови семейства |
| УДК код - определител по УДК | 821 |
| УДК определител | -93-91 |
| УДК - код + определител | 821-93-91 |
| 139 ## - Редно поле | |
| Редна дума | Библейски легенди |
| Авторски знак | Би - Б 44 |
| 245 10 - Сведения за заглавието | |
| Заглавие | Библейски легенди |
| Редно поле (дума) | лит. обраб. Цанко Лалев; * Цанко Лалев Дулев. |
| 257 ## - Страна на издаване | |
| Страна на създаване/издаване | Сборници - Свят |
| 260 ## - Област на издателските данни | |
| Име на издателя, разпространителя и проч. | ПАН |
| Година на издаване | 2012 |
| 300 ## - Физическа характеристика | |
| Страници | 144 с. |
| Размери/Мащаб | 20 см |
| 380 ## - Жанр | |
| Жанр | Детска отраслова лит. |
| 490 1# - СЕРИИ (Колекции) | |
| Име на серия | Поредица Книги за ученика |
| 650 #4 - Допълнително описание по предмет – тема | |
| Основно описание – тема или топоним | Библия |
| 9 (RLIN) | 148564 |
| 650 #4 - Допълнително описание по предмет – тема | |
| Основно описание – тема или топоним | Религия - издания за деца |
| 9 (RLIN) | 253667 |
| 653 ## - Ключова дума – ненормативна | |
| Ключова дума | библейски митове |
| 653 ## - Ключова дума – ненормативна | |
| Ключова дума | легенди |
| 653 ## - Ключова дума – ненормативна | |
| Ключова дума | притчи |
| 653 ## - Ключова дума – ненормативна | |
| Ключова дума | литература за деца |
| 653 ## - Ключова дума – ненормативна | |
| Ключова дума | детска литература |
| 659 ## - Тематичен бюлетин | |
| Тематичен бюлетин | Н |
| 700 ## - Други автори (авторска отговорност) | |
| Лично име | Лалев, Цанко |
| Пълна форма на името | Дулев, Цанко Лалев |
| 9 (RLIN) | 363801 |
| 700 1# - Други автори (авторска отговорност) | |
| Лично име | Дулев, Цанко Лалев |
| Автороска отговорност (Описва отношението между автора и произведението) | * |
| 9 (RLIN) | 365797 |
| 852 ## - Местоположение | |
| Форматна сигнатура | Цб 294859 |
| 856 4# - Електронен адрес и достъп | |
| Електронен формат | pdf - файл |
| 856 4# - Електронен адрес и достъп | |
| Електронен формат | pdf - файл |
| 999 ## - СИСТЕМНИ КОНТРОЛНИ НОМЕРА | |
| Koha biblionumber | 161571 |
| Koha biblioitemnumber | 161571 |
| 942 ## - АРТИКУЛИ | |
| Вид на библиотечния материал | Книги |
| Скрит в OPAC | Не |
| Koha issues (borrowed), all copies | 12 |
| 944 ## - СЪЗДАВАНЕ И РЕДАКЦИЯ на ЗАПИСА | |
| Създаване/Редакция | Създаване |
| Дата на регистрацията/редакция | 18.12.2014 |
| Статус, дата на статуса | CRON CRON |
| Служител, извършил регистрацията/редакцията | |
| 944 ## - СЪЗДАВАНЕ И РЕДАКЦИЯ на ЗАПИСА | |
| Създаване/Редакция | Редакция |
| Дата на регистрацията/редакция | 04.02.2015 |
| Статус, дата на статуса | ф / |
| Служител, извършил регистрацията/редакцията | Людмила_Стоянова |
| 999 ## - СИСТЕМНИ КОНТРОЛНИ НОМЕРА | |
| Koha biblioitemnumber | 161571 |
| 999 ## - СИСТЕМНИ КОНТРОЛНИ НОМЕРА | |
| Koha biblioitemnumber | 161571 |
| Код за отписване | Код за изгубен артикул | Код за повреда | Коз за рестрикции | Код за отдаване | Артикулен № | Име на библиотеката - собственик | Име на библиотеката, в която се намира в момента | Статус (Текущо местоположение) | Дата на вписване в системата | Местоположение - отдел | Цена в лева | Инвентарен номер | Систематично азбучна сигнатура | Баркод | Номер на екземпляра | Цена в евро | Служебна бележка | Служебен тип на артикула | Източник на класификационната схема |
|---|---|---|---|---|---|---|---|---|---|---|---|---|---|---|---|---|---|---|---|
| Изтеглен | Не е изгубен | Не е повреден | без рестрикции | заемане за дома | 269904 | Регионална библиотека "Любен Каравелов" Русе | Регионална библиотека "Любен Каравелов" Русе | Детски отдел | 2014-12-18 | Детски отдел | 4.90 | 120000783944 | ДН 2/Б 44 | 120000783944 | 1 | 2.51 | Дост: DA Вид: Г N: 31 Дата: 18.12.2014 Дата инв: 19.08.2015 Бележки инв: Д2015 | Книги | |
| Не е изгубен | Не е повреден | без рестрикции | ползва се в читалня | 718249 | Регионална библиотека "Любен Каравелов" Русе | Регионална библиотека "Любен Каравелов" Русе | Хранилище | 2019-06-06 | Хранилище | 4.90 | Цб 294859 | 120000832129 | 2.51 | Книги | Universal Decimal Classification |